| 000 | 00490nam a2200157 i 4500 | ||
|---|---|---|---|
| 001 | 40358 | ||
| 003 | ES-MaACL | ||
| 005 | 20230906160213.0 | ||
| 007 | t| | ||
| 008 | 030305s1887 fr ||||1| fre d | ||
| 100 | 1 |
_aCarrau, Ludovic. _935590 |
|
| 245 | 1 | 3 |
_aLa conscience psychologique et morale dans l'individu et dans l'histoire / _cpar Ludovic Carrau. |
| 260 |
_aParis : _bPerrin, _c1887 ( _fPoitiers Blass, Roy et Cia) |
||
| 300 |
_aVIII, 290 p. ; _c19 cm. |
||
| 852 |
_aES-MaACL _jF-10013 |
||
| 999 |
_c40358 _d40358 |
||